| 000 | 01982nam a2200409 a 4500 | ||
|---|---|---|---|
| 001 | ebr10496035 | ||
| 003 | CaPaEBR | ||
| 006 | m u | ||
| 007 | cr cn||||||||| | ||
| 008 | 091110s2010 gaua sb 001 0 eng d | ||
| 010 | _z 2009047689 | ||
| 020 | _z9780820330020 (cloth : alk. paper) | ||
| 020 | _z0820330027 (cloth : alk. paper) | ||
| 020 | _z9780820341941 (e-book) | ||
| 040 |
_aCaPaEBR _cCaPaEBR |
||
| 035 | _a(OCoLC)753324160 | ||
| 043 | _an-us-ms | ||
| 050 | 1 | 4 |
_aKFM7142 _b.W35 2010eb |
| 082 | 0 | 4 |
_a347.762/07520973 _222 |
| 100 | 1 |
_aWaldrep, Christopher, _d1951- |
|
| 245 | 1 | 0 |
_aJury discrimination _h[electronic resource] : _bthe Supreme Court, public opinion, and a grassroots fight for racial equality in Mississippi / _cChristopher Waldrep. |
| 260 |
_aAthens, Ga. : _bUniversity of Georgia Press, _cc2010. |
||
| 300 |
_aix, 325 p. : _bill. |
||
| 490 | 1 | _aStudies in the legal history of the South | |
| 504 | _aIncludes bibliographical references (p. 301-317) and index. | ||
| 505 | 0 | _aMaking the fairy tale -- The discovery that race politicizes due process -- How revolutionary was the Civil War? -- Privileges and immunities in the Supreme Court -- The jury cases -- Getting blacks on Mississippi juries. | |
| 533 |
_aElectronic reproduction. _bPalo Alto, Calif. : _cebrary, _d2013. _nAvailable via World Wide Web. _nAccess may be limited to ebrary affiliated libraries. |
||
| 650 | 0 |
_aJury selection _zMississippi _xHistory. |
|
| 650 | 0 |
_aDiscrimination in justice administration _zMississippi _xHistory. |
|
| 650 | 0 |
_aRace discrimination _zMississippi _xHistory. |
|
| 650 | 0 |
_aAfrican Americans _xCivil rights _zMississippi _xHistory. |
|
| 651 | 0 |
_aMississippi _xRace relations. |
|
| 655 | 7 |
_aElectronic books. _2local |
|
| 710 | 2 | _aebrary, Inc. | |
| 830 | 0 | _aStudies in the legal history of the South. | |
| 856 | 4 | 0 |
_uhttp://site.ebrary.com/lib/rucke/Doc?id=10496035 _zAn electronic book accessible through the World Wide Web; click to view |
| 999 |
_c128337 _d128337 |
||